| 000 | 00489nam a2200193 a 4500 | ||
|---|---|---|---|
| 001 | 4546 | ||
| 003 | CO-ViMGA | ||
| 008 | 141112s2004 ck r 000 u spa d | ||
| 020 | _a8433566938 | ||
| 040 |
_aCO-ViMGA _bspa _cCO-ViMGA |
||
| 082 | 0 | 4 | _a617.69 L535 |
| 100 | 1 |
_aLlena Plasoncia, Jose María _955393 |
|
| 245 | 1 | 0 | _aPrótesis completa |
| 260 |
_aBarcelona : _bLabor, _c1988 |
||
| 300 | _a228 p : il | ||
| 650 | 1 | 4 | _aORTODONCIA |
| 650 | 1 | 4 |
_aPROTESIS DENTAL _955395 |
| 942 |
_2ddc _cBK |
||
| 999 |
_c16556 _d16556 |
||